Conflict in Africa : Theory, Process and Institutions of Management / (Record no. 2068)
| 000 -LEADER | |
|---|---|
| fixed length control field | 00816cam a2200277 i 4500 |
| 001 - CONTROL NUMBER | |
| control field | 2690069 |
| 003 - CONTROL NUMBER IDENTIFIER | |
| control field | OSt |
| 005 - DATE AND TIME OF LATEST TRANSACTION | |
| control field | 20160317110010.0 |
| 008 - FIXED-LENGTH DATA ELEMENTS--GENERAL INFORMATION | |
| fixed length control field | 751104s1976 njub b 001 0 eng |
| 010 ## - LIBRARY OF CONGRESS CONTROL NUMBER | |
| LC control number | 75030187 |
| 020 ## - INTERNATIONAL STANDARD BOOK NUMBER | |
| International Standard Book Number | 9966968202 |
| Terms of availability | |
| International Standard Book Number | |
| Terms of availability | |
| 040 ## - CATALOGING SOURCE | |
| Original cataloging agency | DLC |
| Transcribing agency | DLC |
| Modifying agency | DLC |
| 043 ## - GEOGRAPHIC AREA CODE | |
| Geographic area code | f------ |
| 050 00 - LIBRARY OF CONGRESS CALL NUMBER | |
| Classification number | JX1582.M83 2006 |
| 082 00 - DEWEY DECIMAL CLASSIFICATION NUMBER | |
| Classification number | 301.6/3/096 |
| 100 ## - MAIN ENTRY--PERSONAL NAME | |
| Personal name | Mwagiru, Makumi |
| 245 10 - TITLE STATEMENT | |
| Title | Conflict in Africa : Theory, Process and Institutions of Management / |
| Statement of responsibility, etc | Makumi Mwagiru |
| 260 ## - PUBLICATION, DISTRIBUTION, ETC. (IMPRINT) | |
| Place of publication, distribution, etc | Nairobi : |
| Name of publisher, distributor, etc | Centre for Conflict Resaetch, |
| Date of publication, distribution, etc | 2006. |
| 300 ## - PHYSICAL DESCRIPTION | |
| Extent | ix, 184 p. : |
| Other physical details | |
| Dimensions | 24 cm. |
| 500 ## - GENERAL NOTE | |
| General note | |
| 504 ## - BIBLIOGRAPHY, ETC. NOTE | |
| Bibliography, etc | Includes Bibliography and Index |
| 650 #0 - SUBJECT ADDED ENTRY--TOPICAL TERM | |
| Topical term or geographic name as entry element | Settlement of disputes. |
| 650 #0 - SUBJECT ADDED ENTRY--TOPICAL TERM | |
| Topical term or geographic name as entry element | Social conflict |
| Geographic subdivision | Africa. |
| 906 ## - LOCAL DATA ELEMENT F, LDF (RLIN) | |
| a | 7 |
| b | cbc |
| c | orignew |
| d | 1 |
| e | ocip |
| f | 19 |
| g | y-gencatlg |
| 942 ## - ADDED ENTRY ELEMENTS (KOHA) | |
| Source of classification or shelving scheme | |
| Koha item type | Book |
| Withdrawn status | Lost status | Source of classification or shelving scheme | Damaged status | Not for loan | Home library | Current library | Shelving location | Date acquired | Total Checkouts | Total Renewals | Full call number | Barcode | Checked out | Date last seen | Date checked out | Copy number | Price effective from | Koha item type |
|---|---|---|---|---|---|---|---|---|---|---|---|---|---|---|---|---|---|---|
| Riara University Library | Riara University Library | General stack | 18/07/2016 | 28 | 2 | JX1582.M83 2006 | 7237/16 | 24/04/2026 | 02/04/2026 | 02/04/2026 | C.1 | 18/07/2016 | Book | |||||
| Riara University Library | Riara University Library | General stack | 18/07/2016 | 7 | JX1582.M83 2006 | 7238/16 | 05/03/2021 | 17/02/2021 | 17/02/2021 | C.2 | 18/07/2016 | Book | ||||||
| Riara University Library | Riara University Library | General stack | 18/07/2016 | 11 | 2 | JX1582.M83 2006 | 7239/16 | 06/03/2021 | 18/02/2021 | 18/02/2021 | C.3 | 18/07/2016 | Book |
